000 00584nam a2200169 a 4500
001 000029421
005 20200930055535.0
008 110415s1927 dr 000 | spa d
040 _aDO-SdBNP
_bspa
_cBNPHU
082 _axxx
_bV434s
100 1 _aVelázquez, Guaroa
_956301
245 1 3 _aLa solución de la controversia fronteriza dominico-haitiana por la corte permanente de justicia internacional.
260 _aSanto Domingo :
_bProgreso,
_c1927.
300 _a11 p. ;
_c19 cm.
500 _aPublicado en la Revista Dominicana de derecho internacional, número 1.
049 _aBNPD
999 _c28913
_d28913